Africa today--and tomorrow ; an outline of basic facts and major problems /

Bibliographic Details
Main Author: Hatch, John Charles
Format: Book
Language:English
Published: New York : Praeger, [1965]
Edition:2d rev. ed.
Subjects:

MARC

Tag First Indicator Second Indicator Subfields
LEADER 00000cam a2200000 4500
001 in00000282821
005 20151010090813.0
008 720922r19651959nyub 00010 eng
010 |a  65015640  
035 |a (OCoLC)00412806 
035 |9 ABG4829AM 
040 |c WSU  |d TXA  |d UtOrBLW 
049 |a TXAM  |c 1 [903171]  |c 2 [450031] 
050 0 |a DT31  |b .H33 1965 
082 0 |a 960.3 
100 1 |a Hatch, John Charles. 
245 1 0 |a Africa today--and tomorrow ;  |b an outline of basic facts and major problems /  |c [by] John Hatch. 
250 |a 2d rev. ed. 
264 1 |a New York :  |b Praeger,  |c [1965] 
300 |a 362 pages 
336 |a text  |b txt  |2 rdacontent 
337 |a unmediated  |b n  |2 rdamedia 
338 |a volume  |b nc  |2 rdacarrier 
500 |a First published in London in 1959 under title: Everyman's Africa. 
650 0 |a Nationalism  |z Africa. 
651 0 |a Africa  |x Politics and government. 
999 |a MARS 
999 f f |s b9677635-6aef-32ea-9d0c-f52d02900f12  |i 83fe925e-4b1c-3884-8c1a-3b43f61fc47f  |t 0 
952 f f |p ric  |a Texas A&M University  |b Rellis Campus  |c Joint Library Facility  |d Remote Storage  |t 0  |e DT31 .H33 1965  |h Library of Congress classification  |i unmediated -- volume  |m A14802085003 
998 f f |a DT31 .H33 1965  |t 0  |l Remote Storage